| 000 | 00484nam a2200145 a 4500 | ||
|---|---|---|---|
| 001 | 000040348 | ||
| 005 | 20201002034056.0 | ||
| 008 | 130822s1973 cu 000 0 spa d | ||
| 040 |
_aDO-SdBNP _bspa _cBNPHU |
||
| 100 | 1 |
_aRuíz Rodríguez, Raúl Rubén _966644 |
|
| 245 | 1 | 0 |
_aBallet y revolución / _cRaúl Rubén Ruiz Rodríguez. |
| 260 |
_aLa Habana : _bOrientación Revolucionaria del Comité Central, _c1973--. |
||
| 300 |
_a45 p. : _bil., retrs. ; _c21 cm. |
||
| 586 | _aPremio ensayo | ||
| 999 |
_c39838 _d39838 |
||